| 000 | 01582nam a22002655a 4500 | ||
|---|---|---|---|
| 005 | 20160211104210.0 | ||
| 008 | 150812t2014 ii a frbd 001 0 eng d | ||
| 020 | _a8122436307 | ||
| 020 | _a9788122436303 | ||
| 040 |
_aEG-ScBUE _cEG-ScBUE _dYDX _beng |
||
| 082 | 0 | 4 |
_a658.4038 _222 _bDES |
| 100 | 1 |
_aDesouza, Kevin C., _d1979- _939300 |
|
| 245 | 1 | 0 |
_aKnowledge management : _ban introduction / _cKevin C. Desouza and Scott Paquette. |
| 260 |
_aNew Delhi : _bNew Age International (P) Ltd., Publishers, _cc.2014. |
||
| 300 |
_axvi, 351 p. : _bill. ; _c23 cm. |
||
| 500 | _aGlossary : p. 329-336. | ||
| 500 | _aIndex : p. 337-348. | ||
| 504 | _aIncludes bibliographical references. | ||
| 505 | 0 | _aAn introduction to knowledge management / Kevin C. Desouza -- The concept of knowledge / Peter Baloh with Kevin C. Desouza and Scott Paquette -- The concept of management / Jongmin T. Moon with Kevin C. Desouza -- Knowledge creation / Scott Paquette and Kevin C. Desouza -- Knowledge organization / Scott Paquette -- Knowledge transfer / Scott Paquette and Kevin C. Desouza -- Knowledge application / Chen Ye with Kevin C. Desouza and Scott Paquette -- Building global knowledge management systems / Kevin C. Desouza and Chris Rivinus -- Building the business case for knowledge management / Kevin C. Desouza -- Managing knowledge for organizational value / Scott Paquette and Kevin C. Desouza. | |
| 650 | 7 |
_aKnowledge management. _2BUEsh _912057 |
|
| 651 | _2BUEsh | ||
| 653 |
_bCOMSCI _bGGEN _cAugust2015 _cFebruary2016 |
||
| 700 | 1 | _aPaquette, Scott. | |
| 942 |
_2ddc _k658.4038 DES |
||
| 999 |
_c20499 _d20471 |
||